000 00376nam a2200157Ia 4500
008 210716s2003 xx 000 0 und d
020 _a8178665115
041 _aeng
082 _a337 MITD
100 _aMithani, D M.
245 _aInternational economics.
250 _a1
260 _aNew Delhi
_bHimalaya Publishing House
_c2003
300 _a449
650 _aEconomics
999 _c199200
_d199200